Inflace a nerovnováha v podmínkách administratívní tvorby cen.
Príčiny dopytovej a ponukovej inflácie. Formy inflácie v podmienkach administratívnej tvorby cien. Zisťovanie tovarovo-peňažnej nerovnováhy na spotrebiteľskom trhu. Ukazovatele stavu a zmeny nerovnováhy.
Gespeichert in:
| 1. Verfasser: | |
|---|---|
| Format: | Buchkapitel |
| Sprache: | Tschechisch |
| Schlagworte: | |
| Tags: |
Keine Tags, Fügen Sie das erste Tag hinzu!
|
MARC
| LEADER | 00000naa a2200000 4500 | ||
|---|---|---|---|
| 001 | r002875 | ||
| 005 | 20220819180808.7 | ||
| 041 | 0 | |a cze | |
| 044 | |a [CS] | ||
| 245 | 1 | 0 | |a Inflace a nerovnováha v podmínkách administratívní tvorby cen. |c F. Cvengroš |
| 520 | |a Príčiny dopytovej a ponukovej inflácie. Formy inflácie v podmienkach administratívnej tvorby cien. Zisťovanie tovarovo-peňažnej nerovnováhy na spotrebiteľskom trhu. Ukazovatele stavu a zmeny nerovnováhy. | ||
| 610 | 2 | 0 | |a inflácia |
| 610 | 2 | 0 | |a dopyt |
| 610 | 2 | 0 | |a ponuka |
| 610 | 2 | 0 | |a nerovnováha hospodárska |
| 610 | 2 | 0 | |a tvorba cien |
| 610 | 2 | 0 | |a trh kupujúceho |
| 610 | 2 | 0 | |a údaje štatistické |
| 610 | 2 | 0 | |a ČSFR |
| 610 | 2 | 0 | |a vzťahy tovarovo-peňažné |
| 100 | 1 | |a Cvengroš, F. | |